000 00294nam a2200157Ia 4500
100 _aJaffe/ Hilbert
650 _aGeneral
942 _cBK
654 _aGMAT
245 _aGMAT
260 _bGalgotia
_c1987
082 _a658
_bJAF/HIL
300 _a538
546 _aENGLISH
999 _c29174
_d29174